| 000 | 00492nam a2200193 i 4500 | ||
|---|---|---|---|
| 001 | bgj | ||
| 100 | 1 | _aHOFMANNSTHAL, Hugo von. | |
| 245 |
_aEin Briefwechsel / _cHugo von Hofmannstahl ; Willy Haas. |
||
| 260 |
_aBerlin : _bPropyläen Verlag, _c1968. |
||
| 300 |
_a111 s. ; _c23 cm. |
||
| 650 | 9 | _aLiteratura niemiecka | |
| 700 | 1 | _aHAAS, Willy. | |
| 040 | _cBPK | ||
| 041 | 1 | _ager | |
| 044 | _aDEU | ||
| 080 | _a821.112.2 | ||
| 942 | _cKS | ||
| 008 | s gw f |000 0 ger | ||
| 999 |
_c50606 _d50606 |
||
| 856 |
_uhttp://koha.tu.koszalin.pl/cgi-bin/koha/opac-detail.pl?biblionumber=50606 _yKatalog online BPK |
||